| 000 | 00516cam a22002171 4500 | ||
|---|---|---|---|
| 001 | sa 64008133 | ||
| 003 | DLC | ||
| 005 | 20260227112052.0 | ||
| 008 | 891005s1963 ii 000 1 malo | ||
| 010 | _asa 64008133 | ||
| 035 | _a(OCoLC)20446315 | ||
| 040 |
_aDLC _cWaU _dDLC |
||
| 042 | _apremarc | ||
| 050 | 0 | 0 |
_aPL4718.9.J19 _bK3 |
| 100 | 1 | _aJacob, Issac. | |
| 245 | 1 | 0 | _aKȧṭṭile cilampoli. |
| 260 |
_a[Kottayam? _c1963] |
||
| 300 |
_a150 p. _c18 cm. |
||
| 500 | _aIn Malayalam. | ||
| 500 | _aA novel. | ||
| 999 |
_c60709 _d60709 |
||